[Event "imp"]
[Site "?"]
[Date "2015.03.24"]
[Round "1.1"]
[White "Gajewski, Grzegorz"]
[Black "Maksimenko, Andrei"]
[Result "1-0"]
[LiveChessVersion "1.4.4"]
[BlackElo "2495"]
[WhiteElo "2648"]

1. c4 {[%clk 1:30:57]} c5 {[%clk 1:30:39]} 2. Nf3 {[%clk 1:30:57]} Nc6
{[%clk 1:30:45]} 3. Nc3 {[%clk 1:31:22]} g6 {[%clk 1:30:46]} 4. e3
{[%clk 1:31:32]} Nf6 {[%clk 1:30:58]} 5. d4 {[%clk 1:31:52]} cxd4
{[%clk 1:31:23]} 6. exd4 {[%clk 1:32:19]} d5 {[%clk 1:31:46]} 7. cxd5
{[%clk 1:32:24]} Nxd5 {[%clk 1:32:11]} 8. Bc4 {[%clk 1:32:12]} Nb6
{[%clk 1:31:25]} 9. Bb3 {[%clk 1:32:36]} Bg7 {[%clk 1:31:26]} 10. O-O
{[%clk 1:30:08]} O-O {[%clk 1:30:57]} 11. d5 {[%clk 1:30:30]} Na5
{[%clk 1:31:19]} 12. h3 Nxb3 {[%clk 1:09:44]} 13. axb3 {[%clk 1:28:59]} Re8
{[%clk 1:08:33]} 14. Bg5 {[%clk 1:18:20]} Bxc3 {[%clk 1:04:21]} 15. bxc3
{[%clk 1:18:35]} f6 {[%clk 0:58:39]} 16. Bd2 {[%clk 1:00:36]} Nxd5
{[%clk 0:52:19]} 17. c4 {[%clk 0:59:54]} Nc7 {[%clk 0:52:38]} 18. Qe2
{[%clk 0:56:35]} Bf5 {[%clk 0:35:40]} 19. Rfd1 {[%clk 0:56:09]} Qc8
{[%clk 0:24:47]} 20. Bc3 {[%clk 0:52:16]} Ne6 {[%clk 0:18:32]} 21. Ra5
{[%clk 0:45:54]} Nc5 {[%clk 0:11:20]} 22. b4 {[%clk 0:36:19]} b6 {[%clk 0:10:49]}
23. Ra3 {[%clk 0:29:19]} Ne4 {[%clk 0:10:05]} 24. Ba1 {[%clk 0:29:48]} Nd6
{[%clk 0:09:38]} 25. c5 {[%clk 0:19:55]} bxc5 {[%clk 0:09:30]} 26. Re3
{[%clk 0:20:15]} cxb4 {[%clk 0:08:09]} 27. g4 {[%clk 0:13:39]} Bxg4
{[%clk 0:04:32]} 28. hxg4 {[%clk 0:13:56]} Qxg4+ {[%clk 0:04:54]} 29. Kf1
{[%clk 0:14:05]} Nf5 {[%clk 0:03:41]} 30. Re4 {[%clk 0:13:32]} Qh3+
{[%clk 0:03:59]} 31. Kg1 {[%clk 0:14:00]} Rad8 {[%clk 0:02:29]} 32. Re1
{[%clk 0:14:29]} e5 {[%clk 0:00:58]} 33. Qc4+ {[%clk 0:12:01]} Kg7
{[%clk 0:01:01]} 34. Nxe5 {[%clk 0:11:59]} fxe5 {[%clk 0:01:11]} 35. Rxe5
{[%clk 0:12:15]} Rxe5 {[%clk 0:01:16]} 36. Bxe5+ {[%clk 0:12:27]} Kh6
{[%clk 0:01:31]} 37. Bf6 {[%clk 0:11:33]} Rd4 {[%clk 0:00:40]} 38. Qc1+
{[%clk 0:11:51]} Ne3 {[%clk 0:01:08]} 39. Rxe3 {[%clk 0:10:43]} Rg4+
{[%clk 0:01:37]} 40. Rg3+ {[%clk 0:41:08]} g5 {[%clk 0:30:54]} 41. Qxg5+
{[%clk 0:40:27]} Rxg5 {[%clk 0:31:01]} 42. Bxg5+ {[%clk 0:40:53]} Kh5
{[%clk 0:31:21]} 43. Rxh3+ {[%clk 0:41:19]} Kxg5 {[%clk 0:31:49]} 44. Rxh7
{[%clk 0:41:43]} 1-0

[Event "imp"]
[Site "?"]
[Date "2015.03.24"]
[Round "1.2"]
[White "Matuszewski, Michal"]
[Black "Bartel, Mateusz"]
[Result "0-1"]
[LiveChessVersion "1.4.4"]
[BlackElo "2627"]
[WhiteElo "2463"]

1. d4 {[%clk 1:30:56]} Nf6 {[%clk 1:30:51]} 2. c4 {[%clk 1:31:08]} e6
{[%clk 1:31:14]} 3. Nc3 {[%clk 1:31:09]} Bb4 {[%clk 1:31:35]} 4. e3
{[%clk 1:31:30]} O-O {[%clk 1:31:56]} 5. Nge2 {[%clk 1:31:49]} Re8
{[%clk 1:32:18]} 6. a3 {[%clk 1:30:50]} Bf8 {[%clk 1:32:39]} 7. e4
{[%clk 1:29:51]} d5 {[%clk 1:25:49]} 8. e5 {[%clk 1:29:08]} Nfd7 {[%clk 1:26:12]}
9. c5 {[%clk 1:28:59]} a5 {[%clk 1:25:36]} 10. Be3 f6 {[%clk 1:04:56]} 11. exf6
{[%clk 1:12:43]} Nxf6 {[%clk 1:04:35]} 12. Nf4 {[%clk 1:12:51]} e5
{[%clk 1:00:26]} 13. dxe5 {[%clk 1:10:49]} Rxe5 {[%clk 1:00:38]} 14. Bc4
{[%clk 1:07:25]} c6 {[%clk 1:00:18]} 15. Be2 {[%clk 1:07:08]} Rxe3
{[%clk 0:54:36]} 16. fxe3 {[%clk 1:07:23]} Bxc5 {[%clk 0:55:03]} 17. e4
{[%clk 1:00:06]} Be3 {[%clk 0:52:33]} 18. Rf1 {[%clk 0:56:23]} Qd6
{[%clk 0:50:53]} 19. g3 {[%clk 0:52:46]} d4 20. Nh5 {[%clk 0:34:40]} Nxh5
{[%clk 0:47:30]} 21. Bc4+ {[%clk 0:34:16]} Be6 {[%clk 0:47:00]} 22. Qg4
{[%clk 0:32:57]} Na6 {[%clk 0:43:58]} 23. Qxe6+ {[%clk 0:30:11]} Qxe6
{[%clk 0:44:22]} 24. Bxe6+ {[%clk 0:30:37]} Kh8 {[%clk 0:44:47]} 25. Ke2
{[%clk 0:29:32]} Nc5 {[%clk 0:40:59]} 26. Bc4 {[%clk 0:27:19]} Nf6
{[%clk 0:37:18]} 27. e5 {[%clk 0:17:24]} Ng4 {[%clk 0:37:21]} 28. e6
{[%clk 0:14:14]} Bg5 {[%clk 0:37:15]} 29. h4 {[%clk 0:10:21]} Bf6
{[%clk 0:36:34]} 30. b4 {[%clk 0:01:12]} b5 {[%clk 0:31:57]} 31. Rxf6
{[%clk 0:00:40]} gxf6 {[%clk 0:31:04]} 32. bxc5 {[%clk 0:00:35]} bxc4
{[%clk 0:30:30]} 33. Rd1 {[%clk 0:00:35]} d3+ {[%clk 0:29:22]} 34. Kf3
{[%clk 0:00:57]} h5 {[%clk 0:29:40]} 35. Kf4 {[%clk 0:00:37]} Kg7
{[%clk 0:28:29]} 36. Ne4 {[%clk 0:00:35]} Re8 {[%clk 0:28:28]} 37. Nd6
{[%clk 0:00:41]} Rxe6 {[%clk 0:28:46]} 38. Nxc4 {[%clk 0:01:03]} Nf2
{[%clk 0:29:01]} 39. Rd2 {[%clk 0:00:36]} Re4+ {[%clk 0:29:20]} 40. Kf3
{[%clk 0:30:42]} Rxc4 {[%clk 0:59:43]} 41. Kxf2 {[%clk 0:30:44]} Rc2
{[%clk 0:57:52]} 42. Ke3 {[%clk 0:30:43]} Rxd2 {[%clk 0:57:40]} 43. Kxd2
{[%clk 0:31:10]} Kg6 {[%clk 0:58:04]} 44. Kxd3 {[%clk 0:31:12]} Kf5
{[%clk 0:58:29]} 45. a4 {[%clk 0:25:25]} Kg4 {[%clk 0:58:10]} 46. Ke4
{[%clk 0:25:45]} Kxg3 {[%clk 0:58:18]} 47. Kf5 {[%clk 0:26:08]} Kxh4
{[%clk 0:58:42]} 48. Ke6 {[%clk 0:26:12]} Kg5 {[%clk 0:58:39]} 49. Kd6
{[%clk 0:26:37]} h4 {[%clk 0:59:03]} 50. Kxc6 {[%clk 0:26:49]} h3
{[%clk 0:59:27]} 51. Kd7 {[%clk 0:24:57]} h2 {[%clk 0:59:44]} 0-1

[Event "imp"]
[Site "?"]
[Date "2015.03.24"]
[Round "1.3"]
[White "Socko, Bartosz"]
[Black "Sieciechowicz, Marcin"]
[Result "1-0"]
[LiveChessVersion "1.4.4"]
[BlackElo "2447"]
[WhiteElo "2623"]

1. d4 {[%clk 1:30:57]} Nf6 {[%clk 1:30:38]} 2. c4 {[%clk 1:31:20]} g6
{[%clk 1:31:05]} 3. Nf3 {[%clk 1:31:45]} Bg7 {[%clk 1:31:29]} 4. g3
{[%clk 1:32:10]} d5 {[%clk 1:31:47]} 5. cxd5 {[%clk 1:32:34]} Nxd5
{[%clk 1:32:14]} 6. Bg2 {[%clk 1:32:55]} Nb6 {[%clk 1:32:36]} 7. Nc3
{[%clk 1:32:54]} Nc6 {[%clk 1:32:54]} 8. O-O {[%clk 1:33:17]} Nxd4
{[%clk 1:30:17]} 9. Nxd4 {[%clk 1:33:39]} Qxd4 {[%clk 1:30:44]} 10. a4
{[%clk 1:33:57]} Qxd1 {[%clk 1:26:54]} 11. Rxd1 {[%clk 1:34:15]} Bxc3
{[%clk 1:24:58]} 12. bxc3 {[%clk 1:34:30]} a5 {[%clk 1:23:48]} 13. Bf4
{[%clk 1:34:45]} c6 {[%clk 1:23:10]} 14. Bc7 {[%clk 1:35:07]} Nd5
{[%clk 1:23:02]} 15. Bxd5 {[%clk 1:35:30]} cxd5 {[%clk 1:23:27]} 16. Rxd5
{[%clk 1:35:53]} Be6 {[%clk 1:22:17]} 17. Rb5 {[%clk 1:35:54]} O-O
{[%clk 1:20:57]} 18. Rxb7 {[%clk 1:33:21]} Rfc8 {[%clk 1:15:06]} 19. Rd1
{[%clk 1:31:47]} Kf8 {[%clk 1:05:53]} 20. Rd4 {[%clk 1:22:25]} Ke8
{[%clk 1:04:04]} 21. f3 {[%clk 1:15:23]} Bd7 {[%clk 0:53:23]} 22. Bxa5
{[%clk 1:00:09]} Bc6 {[%clk 0:51:19]} 23. Rc7 {[%clk 0:59:57]} Rxc7
{[%clk 0:50:59]} 24. Bxc7 {[%clk 1:00:15]} Bxa4 {[%clk 0:51:04]} 25. Kf2
{[%clk 1:00:31]} f6 {[%clk 0:49:32]} 26. Bb6 {[%clk 0:58:29]} Bc6
{[%clk 0:47:47]} 27. g4 {[%clk 0:54:54]} Rb8 {[%clk 0:46:09]} 28. Ba5
{[%clk 0:52:33]} Ra8 {[%clk 0:45:35]} 29. Bb4 {[%clk 0:52:45]} g5
{[%clk 0:44:39]} 30. Rd2 {[%clk 0:46:52]} Rd8 {[%clk 0:40:19]} 31. Ra2
{[%clk 0:47:09]} Ra8 {[%clk 0:40:05]} 32. Rd2 {[%clk 0:46:35]} Rd8
{[%clk 0:40:20]} 33. Rc2 {[%clk 0:46:58]} Kf7 {[%clk 0:38:09]} 34. e4
{[%clk 0:44:18]} Ra8 {[%clk 0:29:51]} 35. Ke3 {[%clk 0:43:45]} Ra1
{[%clk 0:19:27]} 36. Rd2 {[%clk 0:39:33]} Re1+ {[%clk 0:12:59]} 37. Kf2
{[%clk 0:30:44]} Rh1 {[%clk 0:12:53]} 38. Kg2 {[%clk 0:30:50]} Ra1
{[%clk 0:13:07]} 39. Rb2 {[%clk 0:29:15]} Rc1 {[%clk 0:10:15]} 40. Ra2
{[%clk 0:59:05]} Rd1 {[%clk 0:39:11]} 41. Ra5 {[%clk 0:55:02]} Rd2+
{[%clk 0:37:12]} 42. Kg3 {[%clk 0:55:14]} Rd7 {[%clk 0:31:06]} 43. Rc5
{[%clk 0:52:16]} Ba4 {[%clk 0:29:01]} 44. Kf2 {[%clk 0:50:45]} Bb3
{[%clk 0:25:59]} 45. Ke3 {[%clk 0:50:42]} Be6 {[%clk 0:25:03]} 46. h4
{[%clk 0:49:30]} gxh4 {[%clk 0:22:39]} 47. Rh5 {[%clk 0:49:27]} Kg6
{[%clk 0:21:27]} 48. Rxh4 {[%clk 0:49:51]} Bc4 {[%clk 0:21:21]} 49. e5
{[%clk 0:46:46]} fxe5 {[%clk 0:19:40]} 50. Rh5 {[%clk 0:45:45]} Rd3+
{[%clk 0:16:03]} 51. Ke4 {[%clk 0:45:34]} Rd1 {[%clk 0:15:42]} 52. Rxe5
{[%clk 0:45:52]} Re1+ {[%clk 0:12:26]} 53. Kd4 {[%clk 0:46:14]} Rxe5
{[%clk 0:12:54]} 54. Kxe5 {[%clk 0:46:37]} Kf7 {[%clk 0:13:18]} 55. f4
{[%clk 0:45:15]} e6 {[%clk 0:09:42]} 56. Bc5 {[%clk 0:42:50]} Be2
{[%clk 0:05:06]} 57. f5 {[%clk 0:43:14]} Bxg4 {[%clk 0:03:15]} 58. f6
{[%clk 0:43:25]} Be2 {[%clk 0:02:39]} 59. Bf2 {[%clk 0:43:48]} Ba6
{[%clk 0:02:21]} 60. Bh4 {[%clk 0:44:07]} h5 {[%clk 0:02:27]} 61. Ke4
{[%clk 0:44:21]} Ke8 {[%clk 0:02:34]} 62. Kf4 {[%clk 0:44:39]} Kf7
{[%clk 0:02:42]} 63. Kg5 {[%clk 0:45:05]} Be2 {[%clk 0:01:53]} 64. Bg3
{[%clk 0:45:29]} Bb5 {[%clk 0:00:51]} 65. Be5 {[%clk 0:45:54]} Be2
{[%clk 0:00:37]} 66. Bd4 {[%clk 0:46:19]} Bb5 {[%clk 0:00:32]} 67. Kxh5
{[%clk 0:46:42]} Bd3 {[%clk 0:00:43]} 68. Kg5 {[%clk 0:47:04]} Ke8
{[%clk 0:01:00]} 69. Kf4 {[%clk 0:47:07]} e5+ {[%clk 0:00:38]} 70. Kxe5
{[%clk 0:47:29]} Kd7 {[%clk 0:00:40]} 71. Kd5 {[%clk 0:47:10]} Bg6
{[%clk 0:00:49]} 72. Kc5 {[%clk 0:47:23]} Bf7 {[%clk 0:00:40]} 73. c4
{[%clk 0:47:26]} Kc7 {[%clk 0:01:02]} 74. Be5+ {[%clk 0:47:48]} Kb7
{[%clk 0:01:23]} 75. Bg3 {[%clk 0:48:01]} Be6 {[%clk 0:00:43]} 76. Kd4
{[%clk 0:47:04]} Kc6 {[%clk 0:00:58]} 77. c5 {[%clk 0:47:27]} Kd7
{[%clk 0:00:38]} 78. Bd6 {[%clk 0:47:51]} Ba2 {[%clk 0:00:36]} 79. Ke5
{[%clk 0:48:16]} Ke8 {[%clk 0:00:52]} 80. c6 {[%clk 0:48:07]} 1-0

[Event "imp"]
[Site "?"]
[Date "2015.03.24"]
[Round "1.4"]
[White "Kolosowski, Mateusz"]
[Black "Swiercz, Dariusz"]
[Result "1/2-1/2"]
[LiveChessVersion "1.4.4"]
[BlackElo "2622"]
[WhiteElo "2443"]

1. d4 {[%clk 1:30:55]} Nf6 {[%clk 1:30:54]} 2. c4 {[%clk 1:31:18]} g6
{[%clk 1:31:21]} 3. Nc3 {[%clk 1:31:40]} d5 {[%clk 1:30:37]} 4. Nf3
{[%clk 1:31:57]} Bg7 {[%clk 1:31:02]} 5. Qb3 {[%clk 1:32:13]} dxc4
{[%clk 1:31:22]} 6. Qxc4 {[%clk 1:32:35]} O-O {[%clk 1:31:47]} 7. e4
{[%clk 1:32:57]} a6 {[%clk 1:32:05]} 8. Be2 {[%clk 1:33:00]} b5 {[%clk 1:32:29]}
9. Qb3 {[%clk 1:33:25]} c5 {[%clk 1:32:48]} 10. dxc5 {[%clk 1:33:39]} Be6
{[%clk 1:33:15]} 11. Qc2 {[%clk 1:33:15]} Nbd7 {[%clk 1:33:39]} 12. Be3
{[%clk 1:33:06]} Rc8 {[%clk 1:34:05]} 13. Rd1 {[%clk 1:31:27]} b4
{[%clk 1:34:30]} 14. Nd5 {[%clk 1:31:24]} Bxd5 {[%clk 1:34:48]} 15. exd5
{[%clk 1:31:45]} Nxc5 {[%clk 1:35:13]} 16. O-O {[%clk 1:29:53]} Nce4 17. Qb1
{[%clk 1:09:13]} Nc5 {[%clk 1:25:00]} 18. Bc4 {[%clk 0:59:25]} Qd6
{[%clk 1:24:45]} 19. Bd4 {[%clk 0:54:49]} Na4 {[%clk 0:53:12]} 20. Bb3
{[%clk 0:42:58]} Nc5 {[%clk 0:51:48]} 21. Bc4 {[%clk 0:43:21]} Na4 22. Bb3
{[%clk 0:27:47]} Nc5 {[%clk 0:52:28]} 23. Bc4 {[%clk 0:27:20]} 1/2-1/2

[Event "imp"]
[Site "?"]
[Date "2015.03.24"]
[Round "1.6"]
[White "Klekowski, Maciej"]
[Black "Mista, Aleksander"]
[Result "1-0"]
[LiveChessVersion "1.4.4"]
[BlackElo "2597"]
[WhiteElo "2434"]

1. c4 {[%clk 1:30:56]} g6 {[%clk 1:30:55]} 2. g3 {[%clk 1:29:34]} Bg7
{[%clk 1:31:19]} 3. Bg2 {[%clk 1:29:57]} c5 {[%clk 1:31:44]} 4. Nc3
{[%clk 1:29:05]} Nc6 {[%clk 1:32:11]} 5. e3 {[%clk 1:22:25]} e5 {[%clk 1:32:23]}
6. Nge2 {[%clk 1:20:50]} Nge7 {[%clk 1:32:44]} 7. Rb1 {[%clk 1:20:04]} O-O
{[%clk 1:30:39]} 8. O-O {[%clk 1:19:19]} d6 {[%clk 1:30:57]} 9. a3
{[%clk 1:18:41]} a5 10. d3 {[%clk 1:11:43]} Rb8 {[%clk 1:30:32]} 11. f4
{[%clk 1:05:22]} f5 {[%clk 1:14:08]} 12. Qa4 {[%clk 0:31:43]} Bd7
{[%clk 1:06:51]} 13. Qb3 {[%clk 0:26:26]} Kh8 {[%clk 1:05:54]} 14. Nb5
{[%clk 0:23:32]} Be6 {[%clk 1:04:38]} 15. Nec3 {[%clk 0:23:41]} exf4
{[%clk 1:01:17]} 16. exf4 Nd4 {[%clk 1:01:17]} 17. Nxd4 Bxd4+ {[%clk 1:01:17]}
18. Kh1 h5 {[%clk 1:01:17]} 19. Bd2 h4 {[%clk 1:01:17]} 20. Nb5 Bf6
{[%clk 1:01:17]} 21. Rbe1 Bf7 {[%clk 1:01:17]} 22. Bc3 Ng8 {[%clk 1:01:17]} 23.
Bd5 Kg7 {[%clk 1:01:17]} 24. gxh4 Qd7 {[%clk 1:01:17]} 25. h5 gxh5
{[%clk 1:01:17]} 26. Rg1+ Kh6 {[%clk 1:01:17]} 27. Rg2 h4 {[%clk 1:01:17]} 28.
Qc2 Bxd5 {[%clk 1:01:17]} 29. cxd5 Qxb5 {[%clk 1:01:17]} 30. Bxf6 h3
{[%clk 1:01:17]} 31. Bg7+ Kh7 {[%clk 1:01:17]} 32. Rg3 Nf6 {[%clk 1:01:17]} 33.
Bxf6 Rbe8 {[%clk 1:01:17]} 34. Qd1 Rxe1+ {[%clk 1:01:17]} 35. Qxe1 Qd7
{[%clk 1:01:17]} 36. Rg7+ 1-0

[Event "imp"]
[Site "?"]
[Date "2015.03.24"]
[Round "1.7"]
[White "Olszewski, Michal"]
[Black "Grabarczyk, Miroslaw"]
[Result "1-0"]
[LiveChessVersion "1.4.4"]
[BlackElo "2433"]
[WhiteElo "2567"]

1. d4 {[%clk 1:30:56]} d5 {[%clk 1:30:46]} 2. c4 {[%clk 1:31:22]} e6
{[%clk 1:31:04]} 3. Nc3 {[%clk 1:31:47]} Nf6 {[%clk 1:31:17]} 4. Nf3
{[%clk 1:31:13]} Be7 {[%clk 1:31:20]} 5. Bf4 {[%clk 1:31:35]} O-O
{[%clk 1:31:30]} 6. Qc2 {[%clk 1:30:26]} Nbd7 {[%clk 1:24:32]} 7. cxd5
{[%clk 1:29:40]} exd5 {[%clk 1:24:38]} 8. e3 c6 {[%clk 1:19:49]} 9. Bd3
{[%clk 1:17:29]} Re8 {[%clk 1:19:45]} 10. O-O-O {[%clk 1:16:45]} Nf8
{[%clk 1:19:37]} 11. h3 {[%clk 1:12:42]} Ng6 {[%clk 1:16:29]} 12. Bg5
{[%clk 1:08:07]} Ne4 {[%clk 1:09:08]} 13. Bxe7 {[%clk 1:07:02]} Qxe7
{[%clk 1:09:28]} 14. Bxe4 {[%clk 1:04:28]} dxe4 {[%clk 1:09:46]} 15. Nd2
{[%clk 1:04:57]} f5 {[%clk 1:09:41]} 16. g4 {[%clk 1:02:04]} Nh4 {[%clk 0:39:07]}
17. d5 Bd7 {[%clk 0:29:32]} 18. dxc6 {[%clk 0:37:57]} bxc6 {[%clk 0:25:58]} 19.
Nc4 {[%clk 0:30:13]} fxg4 {[%clk 0:23:24]} 20. Nd6 {[%clk 0:25:45]} Rf8
{[%clk 0:14:35]} 21. Ncxe4 {[%clk 0:16:22]} gxh3 {[%clk 0:13:33]} 22. Nc5
{[%clk 0:08:08]} Bf5 {[%clk 0:09:23]} 23. Nxf5 {[%clk 0:05:35]} Rxf5
{[%clk 0:09:43]} 24. Nb3 {[%clk 0:05:09]} a5 {[%clk 0:02:21]} 25. Rxh3
{[%clk 0:03:13]} a4 {[%clk 0:02:46]} 26. Rxh4 {[%clk 0:02:27]} Qxh4
{[%clk 0:02:09]} 27. Qxf5 {[%clk 0:01:55]} axb3 {[%clk 0:02:27]} 28. axb3
{[%clk 0:01:36]} Ra1+ {[%clk 0:01:15]} 29. Kc2 {[%clk 0:01:39]} Rxd1
{[%clk 0:01:39]} 30. Kxd1 {[%clk 0:01:05]} Qh1+ {[%clk 0:00:53]} 31. Ke2
{[%clk 0:00:54]} h5 {[%clk 0:01:19]} 32. Qf3 {[%clk 0:00:40]} Qc1
{[%clk 0:00:33]} 33. Qxh5 {[%clk 0:00:39]} Qxb2+ {[%clk 0:00:57]} 34. Kf3
{[%clk 0:00:45]} Qc2 {[%clk 0:00:36]} 35. Qe8+ {[%clk 0:00:57]} Kh7
{[%clk 0:01:01]} 36. Qe4+ {[%clk 0:01:05]} 1-0

[Event "imp"]
[Site "?"]
[Date "2015.03.24"]
[Round "1.8"]
[White "Krysztofiak, Marcin"]
[Black "Dragun, Kamil"]
[Result "0-1"]
[LiveChessVersion "1.4.4"]
[BlackElo "2558"]
[WhiteElo "2410"]

1. Nf3 {[%clk 1:30:56]} Nf6 {[%clk 1:30:54]} 2. g3 g6 {[%clk 1:31:17]} 3. b3
{[%clk 1:30:39]} Bg7 {[%clk 1:29:53]} 4. Bb2 {[%clk 1:31:04]} O-O
{[%clk 1:30:16]} 5. Bg2 {[%clk 1:31:07]} d6 {[%clk 1:30:19]} 6. d4
{[%clk 1:30:27]} c6 {[%clk 1:22:25]} 7. O-O {[%clk 1:28:37]} Qa5 8. Nbd2
{[%clk 1:16:59]} Qh5 {[%clk 1:22:39]} 9. Re1 {[%clk 1:09:39]} Bh3
{[%clk 1:22:43]} 10. e4 {[%clk 1:07:43]} Nbd7 {[%clk 1:15:40]} 11. Nf1
{[%clk 0:50:52]} h6 {[%clk 1:09:11]} 12. Nh4 {[%clk 0:41:49]} Bxg2
{[%clk 1:07:43]} 13. Qxh5 {[%clk 0:39:31]} Nxh5 {[%clk 1:08:02]} 14. Kxg2
{[%clk 0:39:27]} c5 {[%clk 1:06:41]} 15. Rad1 {[%clk 0:37:31]} b5
{[%clk 1:02:03]} 16. e5 cxd4 {[%clk 0:49:44]} 17. exd6 {[%clk 0:32:31]} e5
{[%clk 0:45:52]} 18. c3 {[%clk 0:32:51]} dxc3 {[%clk 0:43:57]} 19. Bxc3
{[%clk 0:33:15]} Rfc8 {[%clk 0:44:17]} 20. Ba5 {[%clk 0:29:18]} Rc2
{[%clk 0:39:08]} 21. Rd2 {[%clk 0:26:46]} Rac8 {[%clk 0:39:08]} 22. Bc7
{[%clk 0:14:55]} Rxd2 {[%clk 0:39:14]} 23. Nxd2 {[%clk 0:15:22]} Nhf6
{[%clk 0:39:28]} 24. Ne4 {[%clk 0:14:53]} Ne8 {[%clk 0:33:24]} 25. Rd1
{[%clk 0:09:14]} a6 {[%clk 0:28:43]} 26. g4 {[%clk 0:09:29]} Bf8 {[%clk 0:28:54]}
27. a4 {[%clk 0:09:31]} Kg7 {[%clk 0:27:45]} 28. axb5 {[%clk 0:09:43]} axb5
{[%clk 0:28:14]} 29. Ra1 {[%clk 0:08:42]} Nxc7 {[%clk 0:23:21]} 30. Rc1
{[%clk 0:08:56]} Nf6 {[%clk 0:20:44]} 31. Rxc7 {[%clk 0:08:51]} Rd8
{[%clk 0:21:12]} 32. Nxf6 {[%clk 0:08:25]} Kxf6 {[%clk 0:21:39]} 33. Rb7
{[%clk 0:07:41]} Rxd6 {[%clk 0:20:33]} 34. Rxb5 {[%clk 0:08:06]} e4
{[%clk 0:20:54]} 35. h3 {[%clk 0:02:22]} Rd3 {[%clk 0:19:34]} 36. f4
{[%clk 0:01:27]} Bd6 {[%clk 0:19:42]} 37. g5+ {[%clk 0:01:25]} Kg7
{[%clk 0:18:17]} 38. gxh6+ {[%clk 0:01:29]} Kxh6 {[%clk 0:18:45]} 39. Rb7
{[%clk 0:00:57]} Bxf4 {[%clk 0:17:06]} 40. Rxf7 {[%clk 0:31:20]} Bg5
{[%clk 0:47:26]} 0-1

[Event "imp"]
[Site "?"]
[Date "2015.03.24"]
[Round "1.9"]
[White "Tomczak, Jacek"]
[Black "Weichhold, Pawel"]
[Result "1-0"]
[LiveChessVersion "1.4.4"]
[BlackElo "2404"]
[WhiteElo "2554"]

1. e4 {[%clk 1:30:57]} c5 {[%clk 1:30:56]} 2. Nf3 {[%clk 1:31:22]} g6
{[%clk 1:31:12]} 3. d4 {[%clk 1:31:21]} Bg7 {[%clk 1:31:30]} 4. dxc5
{[%clk 1:30:12]} Qa5+ {[%clk 1:31:47]} 5. c3 {[%clk 1:29:28]} Qxc5
{[%clk 1:32:12]} 6. Na3 {[%clk 1:29:36]} Qa5 {[%clk 1:25:52]} 7. Nc4
{[%clk 1:24:52]} Qc7 {[%clk 1:22:09]} 8. Ne3 {[%clk 1:18:28]} d6 {[%clk 1:17:04]}
9. Nd5 {[%clk 1:18:02]} Qd8 {[%clk 1:16:32]} 10. Bg5 {[%clk 1:17:11]} h6
{[%clk 1:11:02]} 11. Be3 {[%clk 1:09:06]} Nf6 {[%clk 1:01:38]} 12. Nxf6+
{[%clk 0:57:17]} Bxf6 {[%clk 1:01:24]} 13. Be2 {[%clk 0:57:17]} Nc6
{[%clk 0:52:25]} 14. O-O {[%clk 0:53:02]} Be6 {[%clk 0:39:06]} 15. Nd4
{[%clk 0:47:03]} Bd7 {[%clk 0:31:01]} 16. Qd2 {[%clk 0:39:26]} Bg7
{[%clk 0:30:18]} 17. Rad1 {[%clk 0:36:37]} Nxd4 {[%clk 0:27:01]} 18. Bxd4
{[%clk 0:33:07]} O-O {[%clk 0:23:25]} 19. Bxg7 {[%clk 0:31:53]} Kxg7
{[%clk 0:23:50]} 20. e5 {[%clk 0:32:01]} Be6 {[%clk 0:20:21]} 21. exd6
{[%clk 0:31:18]} Qxd6 {[%clk 0:20:01]} 22. Qxd6 {[%clk 0:30:57]} exd6
{[%clk 0:20:28]} 23. a3 {[%clk 0:24:25]} Rfd8 {[%clk 0:17:55]} 24. Rd4
{[%clk 0:22:49]} Kf6 {[%clk 0:17:09]} 25. f4 {[%clk 0:15:19]} Rac8
{[%clk 0:13:55]} 26. Ra4 {[%clk 0:12:39]} a6 {[%clk 0:13:49]} 27. Rb4
{[%clk 0:10:41]} b5 {[%clk 0:13:12]} 28. Rd4 {[%clk 0:10:40]} Bc4
{[%clk 0:12:44]} 29. Kf2 {[%clk 0:10:37]} Bxe2 {[%clk 0:07:15]} 30. Kxe2
{[%clk 0:11:05]} Re8+ {[%clk 0:06:38]} 31. Kd3 {[%clk 0:10:22]} Ke6
{[%clk 0:05:30]} 32. a4 {[%clk 0:07:56]} Kd7 {[%clk 0:04:49]} 33. axb5
{[%clk 0:06:29]} axb5 {[%clk 0:05:16]} 34. h4 {[%clk 0:06:54]} Kc6
{[%clk 0:03:34]} 35. Rd1 {[%clk 0:03:05]} Ra8 {[%clk 0:03:04]} 36. g3
{[%clk 0:02:04]} Re6 {[%clk 0:03:02]} 37. Kc2 {[%clk 0:01:58]} Re2+
{[%clk 0:03:02]} 38. Kb3 {[%clk 0:01:58]} Rd8 {[%clk 0:01:46]} 39. Ra1
{[%clk 0:02:10]} Kb6 {[%clk 0:01:21]} 40. Rad1 {[%clk 0:31:56]} Kc6
{[%clk 0:31:07]} 41. Ra1 {[%clk 0:28:24]} Kb6 {[%clk 0:31:04]} 42. h5
{[%clk 0:27:33]} d5 {[%clk 0:18:30]} 43. Rh1 {[%clk 0:16:35]} Re6
{[%clk 0:10:58]} 44. Kb4 {[%clk 0:15:32]} gxh5 {[%clk 0:08:55]} 45. Rxh5
{[%clk 0:15:34]} Kc6 {[%clk 0:07:59]} 46. f5 {[%clk 0:14:46]} Red6
{[%clk 0:07:21]} 47. Rh1 {[%clk 0:14:15]} Ra8 {[%clk 0:07:06]} 48. b3
{[%clk 0:14:21]} Rf6 {[%clk 0:05:50]} 49. g4 {[%clk 0:14:08]} Rd6
{[%clk 0:05:04]} 50. Re1 {[%clk 0:13:38]} Rd7 {[%clk 0:05:01]} 51. Re2
{[%clk 0:13:50]} Kb6 {[%clk 0:04:04]} 52. Red2 {[%clk 0:08:01]} Kc6
{[%clk 0:04:11]} 53. Rd1 {[%clk 0:08:25]} Rd6 {[%clk 0:04:17]} 54. Re1
{[%clk 0:07:58]} Rd7 {[%clk 0:04:42]} 55. Re2 {[%clk 0:08:23]} Kb6
{[%clk 0:04:51]} 56. f6 {[%clk 0:08:17]} Rg8 {[%clk 0:01:20]} 57. Ra2
{[%clk 0:07:02]} Rc8 {[%clk 0:01:47]} 58. Rh2 {[%clk 0:06:25]} Rh8
{[%clk 0:01:48]} 59. Rh5 {[%clk 0:05:08]} Kc6 {[%clk 0:01:29]} 60. g5
{[%clk 0:05:25]} Rd6 {[%clk 0:01:27]} 61. gxh6 {[%clk 0:04:28]} Rxf6
{[%clk 0:01:05]} 62. h7 {[%clk 0:04:38]} Rd6 {[%clk 0:01:11]} 63. Rg4
{[%clk 0:04:04]} Rdd8 {[%clk 0:01:39]} 64. Rf4 {[%clk 0:04:16]} 1-0